00582nam a2200169 a 450000500170000000800410001702000180005805000240007610000190010024500570011926000390017630000100021544000340022565000120025999900190027195201220029020140412111250.0010328s19uu xx 00 eng d a0-590-76490-X aTR(GS 414bS36 1997 aEaton, Deborah aBeginning consonant, grades K-1 /cby Deborah Eaton. aNew York :bScholastic Inc,c1997. a31 p. aScholastic: Fun with Phonics! aPhonics c103113d103113 001040aELbELcTRd2001-03-28eLib. Fundg425.00l0oTR(GS 414 S36 1997pE3885r2014-04-12 00:00:00w2014-04-12yBK